000 00550nam a2200205Ia 4500
005 20250326141933.0
008 250326s9999 xx 000 0 und d
020 _a0-06-043766-9
037 _aTextbook
040 _aFMSL
_beng
_cFMSL
041 _aeng
_2eng
084 _aSNIobX:8 M7
_qFMSL
100 _aKossen Stan
245 0 _aHuman side of organization
_cKossen Stan
250 _a4
260 _aNew York
_bNew York, Harper & Row
_c1987
300 _axxiii,600
942 _cTB
_hSNIobX:8 M7
999 _c1292691
_d1292691